Unit operations of sanitary engineering (Record no. 24058)

000 -LEADER
fixed length control field 00505nam a22001931a 4500
001 - CONTROL NUMBER
control field 24058
003 - CONTROL NUMBER IDENTIFIER
control field BD-DhUET
008 - FIXED-LENGTH DATA ELEMENTS--GENERAL INFORMATION
fixed length control field 750916s1961 nyua b 001 0 eng
040 ## - CATALOGING SOURCE
Original cataloging agency DLC
Transcribing agency FMU
Modifying agency BD-DhUET
082 ## - DEWEY DECIMAL CLASSIFICATION NUMBER
Classification number 628
Item number RIC/1961
100 ## - MAIN ENTRY--PERSONAL NAME
Personal name Rich, Linvil G.
245 10 - TITLE STATEMENT
Title Unit operations of sanitary engineering
250 ## - EDITION STATEMENT
Edition statement 1st ed.
260 ## - PUBLICATION, DISTRIBUTION, ETC. (IMPRINT)
Place of publication, distribution, etc. New York
Name of publisher, distributor, etc. John Wiley
Date of publication, distribution, etc. 1961
300 ## - PHYSICAL DESCRIPTION
Extent xi, 308 p.
Other physical details ill.
Dimensions 24 cm.
504 ## - BIBLIOGRAPHY, ETC. NOTE
Bibliography, etc Includes bibliographies
650 #0 - SUBJECT ADDED ENTRY--TOPICAL TERM
Topical term or geographic name as entry element Sanitary Engineering
942 ## - ADDED ENTRY ELEMENTS (KOHA)
Koha item type General Book
Holdings
Sublocation or collection (holding branch) Date acquired Koha normalized classification for sorting Withdrawn status Damaged status Piece designation (barcode) Not for loan Copy number Source of classification or shelving scheme Lost status Koha full call number Shelving location Price effective from Koha item type Koha date last seen Location (home branch)
Central Library, BUET2015-05-06628_000000000000000_RIC_1961  25023 1  628/RIC/1961Circulation section2015-05-06General Book2015-05-06Central Library, BUET
Central Library, BUET2015-05-07628_000000000000000_RIC_1961  11959 2  628/RIC/1961Circulation section2015-05-07General Book2015-05-07Central Library, BUET
Central Library, BUET2015-05-09628_000000000000000_RIC_1961  20121 3  628/RIC/1961Circulation section2015-05-09General Book2015-05-09Central Library, BUET
Central Library, BUET2015-05-09628_000000000000000_RIC_1961  14703 4  628/RIC/1961Circulation section2015-05-09General Book2015-05-09Central Library, BUET
Central Library, BUET2015-05-09628_000000000000000_RIC_1961  25024 5  628/RIC/1961Circulation section2015-05-09General Book2015-05-09Central Library, BUET
Central Library, BUET2015-05-09628_000000000000000_RIC_1961  20120 6  628/RIC/1961Circulation section2015-05-09General Book2015-05-09Central Library, BUET